000 00297nam a22001337a 4500
008 170926b xxu||||| |||| 00| 0 eng d
020 _a9781457606731
041 _aeng
080 _22ND
_a37
100 _a46
101 _aEDU
245 _aTHE WELL-CRAFTED SENTENCE
_cBACON,N
942 _2udc
_cBK
999 _c29811
_d29811